[Event "Wroclaw"]
[Site "?"]
[Date "2020.08.27"]
[Round "10.2"]
[White "Koziorowicz, Michal"]
[Black "Luczak, Filip"]
[Result "1/2-1/2"]
[BlackElo "1891"]
[WhiteElo "2061"]
[LiveChessVersion "1.4.8"]

1. e4 {[%clk 0:03:04]} c5 {[%clk 0:03:04]} 2. Nf3 {[%clk 0:03:05]} e6
{[%clk 0:03:05]} 3. d4 {[%clk 0:03:05]} cxd4 {[%clk 0:03:06]} 4. Nxd4
{[%clk 0:03:07]} Nf6 {[%clk 0:03:08]} 5. Nc3 Nc6 6. Ndb5 {[%clk 0:03:04]} Bb4
{[%clk 0:03:11]} 7. a3 {[%clk 0:03:04]} Bxc3+ {[%clk 0:03:12]} 8. Nxc3
{[%clk 0:03:05]} d5 {[%clk 0:03:14]} 9. exd5 {[%clk 0:03:04]} exd5
{[%clk 0:03:15]} 10. Bd3 {[%clk 0:03:05]} O-O {[%clk 0:03:15]} 11. O-O d4 12. Ne2
{[%clk 0:03:06]} Bg4 {[%clk 0:03:18]} 13. f3 {[%clk 0:03:07]} Bh5
{[%clk 0:03:19]} 14. Nf4 {[%clk 0:03:08]} Bg6 {[%clk 0:03:20]} 15. Nxg6
{[%clk 0:03:08]} hxg6 {[%clk 0:03:21]} 16. Re1 {[%clk 0:03:05]} Qb6
{[%clk 0:02:44]} 17. Qd2 {[%clk 0:02:46]} Rfe8 {[%clk 0:02:25]} 18. Rxe8+
{[%clk 0:02:33]} Rxe8 19. b4 Nd5 {[%clk 0:01:17]} 20. Bb2 {[%clk 0:02:34]} Ne3
{[%clk 0:01:15]} 21. Re1 {[%clk 0:02:34]} a6 {[%clk 0:01:03]} 22. Kh1
{[%clk 0:02:28]} Re5 {[%clk 0:00:52]} 23. c3 {[%clk 0:02:27]} dxc3
{[%clk 0:00:21]} 24. Bxc3 {[%clk 0:02:27]} Re6 {[%clk 0:00:22]} 25. Be4
{[%clk 0:02:20]} Nc4 {[%clk 0:00:22]} 26. Qa2 {[%clk 0:01:55]} Nd6
{[%clk 0:00:19]} 27. Qd5 {[%clk 0:01:47]} Nxe4 {[%clk 0:00:17]} 28. fxe4
{[%clk 0:01:43]} Qd8 {[%clk 0:00:16]} 29. Qxd8+ {[%clk 0:01:41]} Nxd8
{[%clk 0:00:17]} 30. Kg1 {[%clk 0:01:41]} Nc6 {[%clk 0:00:15]} 31. Kf2
{[%clk 0:01:40]} f6 {[%clk 0:00:16]} 32. Ke3 {[%clk 0:01:39]} Kf7
{[%clk 0:00:17]} 33. Rd1 {[%clk 0:01:40]} Ke7 {[%clk 0:00:18]} 34. a4
{[%clk 0:01:38]} Rd6 {[%clk 0:00:17]} 35. Rxd6 {[%clk 0:01:34]} Kxd6
{[%clk 0:00:18]} 36. b5 {[%clk 0:01:35]} axb5 {[%clk 0:00:17]} 37. axb5
{[%clk 0:01:36]} Na7 {[%clk 0:00:18]} 38. Bb4+ {[%clk 0:01:29]} Ke6
{[%clk 0:00:18]} 39. b6 {[%clk 0:01:25]} Nc8 {[%clk 0:00:13]} 40. Bc5
{[%clk 0:01:25]} g5 {[%clk 0:00:11]} 41. h3 {[%clk 0:01:20]} Ke5 {[%clk 0:00:10]}
42. g3 {[%clk 0:01:10]} g6 {[%clk 0:00:11]} 43. h4 {[%clk 0:01:09]} gxh4
{[%clk 0:00:09]} 44. gxh4 {[%clk 0:01:11]} Ke6 {[%clk 0:00:10]} 45. Kf4
{[%clk 0:01:11]} Nd6 {[%clk 0:00:07]} 46. Bd4 {[%clk 0:01:06]} Nf7
{[%clk 0:00:07]} 47. Bc5 {[%clk 0:00:58]} g5+ {[%clk 0:00:07]} 48. hxg5
{[%clk 0:00:51]} fxg5+ {[%clk 0:00:08]} 49. Ke3 {[%clk 0:00:49]} Ke5
{[%clk 0:00:09]} 50. Bf8 {[%clk 0:00:46]} Nd6 {[%clk 0:00:08]} 51. Bg7+
{[%clk 0:00:42]} Ke6 {[%clk 0:00:10]} 52. Bd4 {[%clk 0:00:40]} Nf7
{[%clk 0:00:08]} 53. Kf3 {[%clk 0:00:40]} Nd6 {[%clk 0:00:07]} 54. Be3
{[%clk 0:00:37]} Ke5 {[%clk 0:00:05]} 55. Bxg5 {[%clk 0:00:35]} Nxe4
{[%clk 0:00:06]} 56. Bf4+ {[%clk 0:00:36]} Kd5 {[%clk 0:00:08]} 57. Be3
{[%clk 0:00:29]} Nc3 {[%clk 0:00:08]} 58. Kg2 {[%clk 0:00:26]} Kc4
{[%clk 0:01:04]} 59. Kf1 {[%clk 0:00:24]} Kb5 {[%clk 0:01:03]} 60. Ke1
{[%clk 0:00:23]} Nd5 {[%clk 0:01:04]} 61. Bd2 {[%clk 0:00:23]} Nxb6
{[%clk 0:01:04]} 62. Kd1 Kc4 63. Kc1 {[%clk 0:00:24]} Kb3 {[%clk 0:01:05]} 64.
Be3 {[%clk 0:00:18]} Nd5 {[%clk 0:01:06]} 65. Bc5 {[%clk 0:00:19]} b5
{[%clk 0:01:04]} 66. Bd6 {[%clk 0:00:19]} Nc3 {[%clk 0:01:03]} 67. Bf8
{[%clk 0:00:18]} Na2+ {[%clk 0:00:58]} 68. Kb1 {[%clk 0:00:18]} Nb4
{[%clk 0:00:59]} 69. Kc1 {[%clk 0:00:17]} Nd3+ {[%clk 0:01:00]} 70. Kb1
{[%clk 0:00:19]} Kc4 {[%clk 0:01:00]} 71. Kc2 {[%clk 0:00:20]} Nc5
{[%clk 0:01:02]} 72. Bxc5 {[%clk 0:00:21]} 1/2-1/2

[Event "Wroclaw"]
[Site "?"]
[Date "2020.08.27"]
[Round "10.3"]
[White "Oglaza, Oskar"]
[Black "Kacprzak, Karol"]
[Result "1/2-1/2"]
[BlackElo "2012"]
[WhiteElo "2183"]
[LiveChessVersion "1.4.8"]

1. b3 {[%clk 0:03:00]} Nf6 {[%clk 0:03:03]} 2. Bb2 {[%clk 0:03:00]} e6
{[%clk 0:03:04]} 3. e3 {[%clk 0:02:54]} b6 {[%clk 0:03:04]} 4. Nf3
{[%clk 0:02:50]} Bb7 {[%clk 0:03:05]} 5. Be2 {[%clk 0:02:51]} Be7
{[%clk 0:03:06]} 6. O-O {[%clk 0:02:49]} O-O {[%clk 0:03:06]} 7. c4
{[%clk 0:02:48]} d5 {[%clk 0:03:04]} 8. Nc3 {[%clk 0:02:47]} Nbd7
{[%clk 0:03:00]} 9. d4 {[%clk 0:02:41]} c5 {[%clk 0:02:51]} 10. Rc1
{[%clk 0:02:36]} Rc8 {[%clk 0:02:49]} 11. cxd5 {[%clk 0:02:11]} Nxd5
{[%clk 0:02:49]} 12. dxc5 {[%clk 0:01:57]} Nxc5 {[%clk 0:02:40]} 13. Nxd5
{[%clk 0:01:51]} Qxd5 {[%clk 0:02:39]} 14. Qxd5 {[%clk 0:01:44]} Bxd5
{[%clk 0:02:39]} 15. Rfd1 {[%clk 0:01:41]} Rfd8 {[%clk 0:02:40]} 16. h3
{[%clk 0:01:21]} h6 {[%clk 0:02:40]} 17. Nd4 {[%clk 0:01:03]} Bf6
{[%clk 0:02:40]} 18. Ba1 {[%clk 0:01:02]} Kf8 {[%clk 0:02:05]} 19. f3
{[%clk 0:00:54]} Bb7 {[%clk 0:01:51]} 20. Kf2 {[%clk 0:00:53]} Bh4+
{[%clk 0:01:18]} 21. g3 {[%clk 0:00:53]} Be7 {[%clk 0:01:18]} 22. Bb2
{[%clk 0:00:44]} g6 {[%clk 0:01:11]} 23. h4 {[%clk 0:00:31]} h5 {[%clk 0:01:10]}
24. e4 {[%clk 0:00:29]} Bd6 {[%clk 0:00:49]} 25. Nb5 {[%clk 0:00:23]} Bb8
{[%clk 0:00:50]} 26. Bf6 {[%clk 0:00:20]} Rxd1 {[%clk 0:00:45]} 27. Rxd1
{[%clk 0:00:21]} Bc6 {[%clk 0:00:32]} 28. Nd6 {[%clk 0:00:15]} Rc7
{[%clk 0:00:27]} 29. Nc4 {[%clk 0:00:11]} Rd7 {[%clk 0:00:26]} 30. Rxd7
{[%clk 0:00:09]} Nxd7 {[%clk 0:00:27]} 31. Bc3 {[%clk 0:00:09]} Bc7
{[%clk 0:00:18]} 32. Ne3 {[%clk 0:00:09]} 1/2-1/2

[Event "Wroclaw"]
[Site "?"]
[Date "2020.08.27"]
[Round "10.4"]
[White "Poltorak, Sebastian"]
[Black "Niedbala, Bartlomiej"]
[Result "0-1"]
[BlackElo "2131"]
[WhiteElo "1841"]
[LiveChessVersion "1.4.8"]

1. e4 {[%clk 0:03:02]} g6 {[%clk 0:03:03]} 2. d4 {[%clk 0:03:03]} Bg7
{[%clk 0:03:05]} 3. Nc3 {[%clk 0:03:04]} d6 {[%clk 0:03:06]} 4. Be3 a6 5. Qd2
{[%clk 0:03:02]} b5 {[%clk 0:03:09]} 6. a3 {[%clk 0:02:53]} Bb7 {[%clk 0:03:07]}
7. Bd3 {[%clk 0:02:51]} Nd7 {[%clk 0:03:08]} 8. f4 {[%clk 0:02:48]} Rc8
{[%clk 0:03:07]} 9. Nf3 {[%clk 0:02:40]} c5 {[%clk 0:03:08]} 10. d5
{[%clk 0:02:38]} Ngf6 {[%clk 0:02:55]} 11. h3 {[%clk 0:01:38]} O-O
{[%clk 0:02:52]} 12. O-O {[%clk 0:01:38]} c4 {[%clk 0:02:53]} 13. Be2
{[%clk 0:01:39]} Nc5 {[%clk 0:02:55]} 14. Bxc5 {[%clk 0:01:29]} Rxc5
{[%clk 0:02:54]} 15. Rad1 {[%clk 0:01:28]} Nd7 {[%clk 0:02:34]} 16. Kh1
{[%clk 0:00:58]} a5 {[%clk 0:02:35]} 17. Nd4 {[%clk 0:00:48]} Qb6
{[%clk 0:02:30]} 18. a4 {[%clk 0:00:43]} b4 {[%clk 0:02:25]} 19. Ncb5
{[%clk 0:00:43]} c3 {[%clk 0:02:16]} 20. bxc3 {[%clk 0:00:42]} bxc3
{[%clk 0:02:16]} 21. Qe3 {[%clk 0:00:40]} Ra8 {[%clk 0:01:59]} 22. Rb1
{[%clk 0:00:38]} Ba6 {[%clk 0:01:38]} 23. Rb3 {[%clk 0:00:25]} Rxb5
{[%clk 0:01:13]} 24. axb5 {[%clk 0:00:19]} Bxd4 {[%clk 0:01:14]} 25. Qd3
{[%clk 0:00:15]} Bb7 {[%clk 0:01:14]} 26. e5 {[%clk 0:00:15]} Bxd5
{[%clk 0:01:06]} 27. Rbb1 {[%clk 0:00:11]} dxe5 {[%clk 0:01:00]} 28. fxe5
{[%clk 0:00:08]} Nxe5 {[%clk 0:01:00]} 29. Qg3 {[%clk 0:00:09]} Rf8
{[%clk 0:00:41]} 30. Rfd1 {[%clk 0:00:10]} Bc4 {[%clk 0:00:35]} 31. Bxc4
{[%clk 0:00:09]} Nxc4 {[%clk 0:00:37]} 32. Qf4 {[%clk 0:00:10]} e5
{[%clk 0:00:36]} 33. Qg4 {[%clk 0:00:09]} Ne3 {[%clk 0:00:37]} 0-1

[Event "Wroclaw"]
[Site "?"]
[Date "2020.08.27"]
[Round "10.5"]
[White "Luberanski, Jakub"]
[Black "Kacprzak, Kacper"]
[Result "0-1"]
[BlackElo "2035"]
[WhiteElo "2087"]
[LiveChessVersion "1.4.8"]

1. d4 {[%clk 0:03:03]} Nf6 {[%clk 0:02:57]} 2. c4 {[%clk 0:03:04]} d6
{[%clk 0:02:58]} 3. Nf3 Nbd7 4. Nc3 {[%clk 0:03:04]} e5 {[%clk 0:03:01]} 5. e4
{[%clk 0:03:04]} g6 {[%clk 0:03:01]} 6. Be2 {[%clk 0:03:05]} Bg7 {[%clk 0:03:02]}
7. O-O {[%clk 0:03:04]} O-O {[%clk 0:03:02]} 8. Re1 {[%clk 0:03:05]} c6
{[%clk 0:03:01]} 9. Bf1 {[%clk 0:03:05]} Re8 {[%clk 0:02:57]} 10. d5
{[%clk 0:02:43]} Qc7 {[%clk 0:02:57]} 11. h3 {[%clk 0:02:29]} a5 {[%clk 0:02:58]}
12. Be3 {[%clk 0:02:20]} Nc5 {[%clk 0:02:53]} 13. Bxc5 {[%clk 0:02:20]} dxc5
{[%clk 0:02:55]} 14. Qd2 {[%clk 0:02:08]} cxd5 {[%clk 0:02:43]} 15. cxd5
{[%clk 0:02:03]} Bd7 {[%clk 0:02:41]} 16. Rac1 {[%clk 0:02:02]} Qd6
{[%clk 0:02:38]} 17. Bb5 {[%clk 0:01:59]} Nh5 {[%clk 0:02:30]} 18. Bxd7
{[%clk 0:01:44]} Qxd7 {[%clk 0:02:32]} 19. Ne2 {[%clk 0:01:39]} b6
{[%clk 0:02:32]} 20. b3 {[%clk 0:01:28]} f5 {[%clk 0:02:29]} 21. Ng3
{[%clk 0:01:01]} Nxg3 {[%clk 0:02:22]} 22. fxg3 {[%clk 0:01:02]} Rad8
{[%clk 0:02:22]} 23. Rcd1 {[%clk 0:01:00]} Qd6 {[%clk 0:02:11]} 24. Qe2
{[%clk 0:00:58]} Bf6 {[%clk 0:02:00]} 25. a4 {[%clk 0:00:57]} c4 {[%clk 0:01:40]}
26. bxc4 Rc8 27. Qd3 {[%clk 0:00:38]} Qc5+ {[%clk 0:01:40]} 28. Kh2
{[%clk 0:00:30]} Qxc4 {[%clk 0:01:41]} 29. Qxc4 Rxc4 {[%clk 0:01:43]} 30. d6
{[%clk 0:00:15]} fxe4 {[%clk 0:01:39]} 31. Nd2 {[%clk 0:00:16]} Rd4
{[%clk 0:01:40]} 32. Nxe4 {[%clk 0:00:15]} Rxd1 {[%clk 0:01:24]} 33. Rxd1
{[%clk 0:00:16]} Kg7 {[%clk 0:01:21]} 34. Rb1 {[%clk 0:00:10]} Bd8
{[%clk 0:01:18]} 35. g4 {[%clk 0:00:10]} Kf7 {[%clk 0:01:18]} 36. Rc1
{[%clk 0:00:08]} Ke6 {[%clk 0:01:18]} 37. Rc8 {[%clk 0:00:08]} Kd7
{[%clk 0:01:19]} 38. Rb8 {[%clk 0:00:09]} Rf8 {[%clk 0:01:11]} 39. Rb7+
{[%clk 0:00:10]} Kc6 {[%clk 0:01:10]} 40. Rxh7 {[%clk 0:00:10]} Rf4
{[%clk 0:01:06]} 41. Nc3 {[%clk 0:00:07]} Kxd6 {[%clk 0:01:04]} 42. Rg7
{[%clk 0:00:05]} Rc4 {[%clk 0:00:53]} 43. Rxg6+ {[%clk 0:00:06]} Kc5
{[%clk 0:00:47]} 44. Ne2 {[%clk 0:00:06]} Rxa4 {[%clk 0:00:46]} 45. g5
{[%clk 0:00:05]} e4 {[%clk 0:00:44]} 46. Kg3 {[%clk 0:00:06]} Ra2
{[%clk 0:00:43]} 47. Kf2 {[%clk 0:00:06]} Bc7 {[%clk 0:00:41]} 48. Re6
{[%clk 0:00:05]} Kd5 {[%clk 0:00:39]} 49. Re7 {[%clk 0:00:05]} Be5
{[%clk 0:00:37]} 50. Ke3 {[%clk 0:00:05]} Ra3+ {[%clk 0:00:38]} 51. Kf2
{[%clk 0:00:06]} Ra2 {[%clk 0:00:36]} 52. g6 {[%clk 0:00:07]} Bd4+
{[%clk 0:00:33]} 53. Ke1 {[%clk 0:00:06]} Ra1+ {[%clk 0:00:33]} 54. Kd2
{[%clk 0:00:07]} e3+ {[%clk 0:00:31]} 55. Kd3 {[%clk 0:00:04]} Ra3+
{[%clk 0:00:32]} 56. Kc2 {[%clk 0:00:04]} Ra2+ {[%clk 0:00:34]} 57. Kd1
{[%clk 0:00:05]} Ra1+ {[%clk 0:00:28]} 58. Kc2 {[%clk 0:00:06]} Ra2+
{[%clk 0:00:27]} 59. Kd1 {[%clk 0:00:06]} Ra1+ {[%clk 0:00:15]} 60. Kc2
{[%clk 0:00:05]} Ra2+ {[%clk 0:00:16]} 61. Kd1 {[%clk 0:00:07]} Ra1+
{[%clk 0:00:18]} 62. Nc1 {[%clk 0:00:06]} Bb2 {[%clk 0:00:13]} 63. g7
{[%clk 0:00:06]} Rxc1+ {[%clk 0:00:13]} 64. Ke2 {[%clk 0:00:08]} Bxg7
{[%clk 0:00:12]} 65. Rxg7 {[%clk 0:00:09]} a4 {[%clk 0:00:11]} 66. Kxe3
{[%clk 0:00:07]} b5 67. Rg5+ {[%clk 0:00:08]} Kc4 {[%clk 0:00:12]} 68. Rg7
{[%clk 0:00:08]} Kb3 {[%clk 0:00:11]} 69. h4 {[%clk 0:00:08]} a3 {[%clk 0:00:13]}
70. h5 {[%clk 0:00:09]} Rh1 {[%clk 0:00:13]} 71. g4 {[%clk 0:00:10]} a2
{[%clk 0:00:15]} 72. Ra7 {[%clk 0:00:11]} Kb2 {[%clk 0:00:15]} 73. Kf4
{[%clk 0:00:10]} b4 {[%clk 0:00:17]} 74. Kf5 {[%clk 0:00:05]} b3 {[%clk 0:00:18]}
75. Kg6 {[%clk 0:00:06]} a1=Q {[%clk 0:00:18]} 76. Rxa1 {[%clk 0:00:07]} Kxa1
{[%clk 0:00:19]} 77. h6 {[%clk 0:00:08]} b2 {[%clk 0:00:20]} 78. g5
{[%clk 0:00:08]} b1=Q+ {[%clk 0:00:20]} 79. Kg7 {[%clk 0:00:09]} Qb7+
{[%clk 0:00:21]} 80. Kg8 {[%clk 0:00:10]} Qd5+ {[%clk 0:00:22]} 81. Kg7
{[%clk 0:00:11]} Qd7+ {[%clk 0:00:23]} 82. Kg8 {[%clk 0:00:12]} Rg1
{[%clk 0:00:24]} 83. h7 {[%clk 0:00:12]} Rxg5+ {[%clk 0:00:25]} 0-1

[Event "Wroclaw"]
[Site "?"]
[Date "2020.08.27"]
[Round "10.6"]
[White "Suder, Jakub"]
[Black "Fiedorek, Michal"]
[Result "1/2-1/2"]
[BlackElo "1831"]
[WhiteElo "2031"]
[LiveChessVersion "1.4.8"]

1. d4 {[%clk 0:03:03]} Nf6 {[%clk 0:03:02]} 2. c4 {[%clk 0:03:04]} g6
{[%clk 0:03:02]} 3. Nc3 {[%clk 0:03:05]} Bg7 {[%clk 0:03:04]} 4. e4 d6 5. Nf3
{[%clk 0:03:08]} O-O {[%clk 0:03:06]} 6. Be2 {[%clk 0:03:09]} e5 {[%clk 0:03:06]}
7. O-O {[%clk 0:03:09]} Nc6 {[%clk 0:03:07]} 8. d5 {[%clk 0:03:10]} Ne7
{[%clk 0:03:08]} 9. Ne1 {[%clk 0:03:11]} Nd7 {[%clk 0:03:06]} 10. Be3
{[%clk 0:03:11]} f5 {[%clk 0:03:06]} 11. f3 {[%clk 0:03:13]} f4 {[%clk 0:03:01]}
12. Bf2 g5 13. Rc1 {[%clk 0:03:15]} Ng6 {[%clk 0:02:59]} 14. c5 {[%clk 0:03:16]}
Nxc5 {[%clk 0:02:56]} 15. b4 {[%clk 0:03:17]} Na6 {[%clk 0:02:57]} 16. Nd3
{[%clk 0:03:13]} h5 {[%clk 0:02:38]} 17. Nb5 {[%clk 0:03:05]} Bd7
{[%clk 0:02:19]} 18. a4 {[%clk 0:02:57]} Rf7 {[%clk 0:02:00]} 19. Kh1
{[%clk 0:02:47]} Bf8 {[%clk 0:01:32]} 20. Qb3 {[%clk 0:02:42]} Bxb5
{[%clk 0:01:23]} 21. axb5 {[%clk 0:02:41]} Nb8 {[%clk 0:01:24]} 22. Rc2
{[%clk 0:02:31]} Nd7 {[%clk 0:01:23]} 23. Rfc1 {[%clk 0:02:30]} Nf6
{[%clk 0:01:19]} 24. Rc3 {[%clk 0:02:04]} Ne8 {[%clk 0:01:13]} 25. Qc2
{[%clk 0:01:46]} Qd7 {[%clk 0:01:12]} 26. Nb2 {[%clk 0:01:44]} g4
{[%clk 0:01:09]} 27. Bg1 {[%clk 0:01:32]} Nh4 {[%clk 0:01:03]} 28. Qd1
{[%clk 0:01:26]} Rg7 {[%clk 0:01:02]} 29. Qf1 {[%clk 0:01:22]} Qe7
{[%clk 0:00:54]} 30. g3 {[%clk 0:01:03]} fxg3 {[%clk 0:00:51]} 31. hxg3
{[%clk 0:01:02]} gxf3 {[%clk 0:00:40]} 32. Bxf3 {[%clk 0:00:59]} Rxg3
{[%clk 0:00:22]} 33. Bxh5 {[%clk 0:00:54]} Qg5 {[%clk 0:00:11]} 34. Rxg3
{[%clk 0:00:47]} Qxg3 {[%clk 0:00:12]} 35. Bh2 {[%clk 0:00:41]} Qg7
{[%clk 0:00:08]} 36. Qf2 {[%clk 0:00:39]} Qh6 {[%clk 0:00:03]} 37. Rg1+
{[%clk 0:00:36]} Bg7 {[%clk 0:00:04]} 38. Qxh4 {[%clk 0:00:34]} Nf6
{[%clk 0:00:05]} 39. Rg5 {[%clk 0:00:23]} Nxe4 {[%clk 0:00:06]} 40. Qxe4
{[%clk 0:00:14]} Qxg5 {[%clk 0:00:07]} 41. Bg4 {[%clk 0:00:09]} Qc1+
{[%clk 0:00:07]} 42. Bg1 {[%clk 0:00:11]} Qh6+ {[%clk 0:00:03]} 43. Bh2
{[%clk 0:00:10]} Qc1+ {[%clk 0:00:05]} 44. Bg1 {[%clk 0:00:12]} Qh6+
{[%clk 0:00:06]} 45. Bh2 {[%clk 0:00:13]} Qc1+ {[%clk 0:00:07]} 46. Bg1
{[%clk 0:00:14]} Qh6+ {[%clk 0:00:08]} 47. Bh2 {[%clk 0:00:15]} Qc1+
{[%clk 0:00:09]} 48. Bg1 {[%clk 0:00:17]} Qh6+ {[%clk 0:00:05]} 49. Bh2
{[%clk 0:00:18]} Qc1+ {[%clk 0:00:06]} 50. Bg1 {[%clk 0:00:19]} Qh6+
{[%clk 0:00:06]} 51. Bh2 {[%clk 0:00:21]} Qc1+ {[%clk 0:00:07]} 52. Bg1
{[%clk 0:00:22]} Qh6+ {[%clk 0:00:07]} 53. Bh2 {[%clk 0:00:23]} Qc1+
{[%clk 0:00:06]} 54. Bg1 {[%clk 0:00:24]} Qh6+ {[%clk 0:00:04]} 55. Bh2
{[%clk 0:00:25]} Qc1+ {[%clk 0:00:04]} 1/2-1/2

[Event "Wroclaw"]
[Site "?"]
[Date "2020.08.27"]
[Round "10.7"]
[White "Kozlowski, Michal"]
[Black "Gorkiewicz, Mateusz"]
[Result "1-0"]
[BlackElo "1738"]
[WhiteElo "1745"]
[LiveChessVersion "1.4.8"]

1. e4 {[%clk 0:03:03]} e5 {[%clk 0:03:03]} 2. Nf3 {[%clk 0:03:04]} Nc6
{[%clk 0:03:03]} 3. Bc4 {[%clk 0:03:05]} Nf6 {[%clk 0:03:03]} 4. d3
{[%clk 0:03:05]} h6 {[%clk 0:03:00]} 5. Nc3 {[%clk 0:03:06]} d6 {[%clk 0:02:58]}
6. Be3 {[%clk 0:03:06]} Be7 {[%clk 0:02:57]} 7. h3 {[%clk 0:03:07]} Be6
{[%clk 0:02:55]} 8. Bb3 {[%clk 0:03:08]} O-O {[%clk 0:02:54]} 9. Qd2
{[%clk 0:03:10]} Qd7 {[%clk 0:02:50]} 10. g4 {[%clk 0:03:06]} Nh7
{[%clk 0:02:27]} 11. O-O-O {[%clk 0:03:02]} a6 {[%clk 0:02:03]} 12. g5
{[%clk 0:02:40]} h5 {[%clk 0:01:30]} 13. d4 {[%clk 0:01:48]} exd4
{[%clk 0:01:22]} 14. Nxd4 {[%clk 0:01:49]} Nxd4 {[%clk 0:01:20]} 15. Qxd4
{[%clk 0:01:32]} Bxb3 {[%clk 0:01:08]} 16. axb3 {[%clk 0:01:32]} Nxg5
{[%clk 0:00:52]} 17. Bxg5 {[%clk 0:01:26]} Bxg5+ {[%clk 0:00:53]} 18. Kb1
{[%clk 0:01:26]} Qe6 {[%clk 0:00:49]} 19. Nd5 {[%clk 0:01:13]} Rac8
{[%clk 0:00:49]} 20. Rhg1 {[%clk 0:00:46]} Bh6 {[%clk 0:00:41]} 21. Nf6+
{[%clk 0:00:39]} Kh8 {[%clk 0:00:37]} 22. Nxh5 {[%clk 0:00:35]} Qe5
{[%clk 0:00:35]} 23. Qxe5 {[%clk 0:00:34]} dxe5 {[%clk 0:00:36]} 24. Rd7
{[%clk 0:00:29]} b6 {[%clk 0:00:17]} 25. Ng3 {[%clk 0:00:29]} g6 {[%clk 0:00:15]}
26. h4 {[%clk 0:00:30]} Bf4 {[%clk 0:00:12]} 27. h5 {[%clk 0:00:19]} g5
{[%clk 0:00:06]} 28. Nf5 {[%clk 0:00:19]} Kh7 {[%clk 0:00:06]} 29. Rgd1
{[%clk 0:00:16]} c5 {[%clk 0:00:05]} 30. Rb7 {[%clk 0:00:10]} Rc6
{[%clk 0:00:06]} 31. Rdd7 {[%clk 0:00:11]} Kg8 {[%clk 0:00:06]} 32. Ne7+
{[%clk 0:00:10]} 1-0

[Event "Wroclaw"]
[Site "?"]
[Date "2020.08.27"]
[Round "10.8"]
[White "Baum, Jonasz"]
[Black "Szydlo, Michal"]
[Result "1/2-1/2"]
[BlackElo "1836"]
[WhiteElo "2187"]
[LiveChessVersion "1.4.8"]

1. d4 {[%clk 0:03:03]} Nf6 {[%clk 0:03:04]} 2. c4 {[%clk 0:03:04]} g6
{[%clk 0:03:05]} 3. Nf3 {[%clk 0:03:04]} Bg7 {[%clk 0:03:06]} 4. g3
{[%clk 0:03:06]} O-O {[%clk 0:03:07]} 5. Bg2 {[%clk 0:03:07]} d6 {[%clk 0:03:08]}
6. O-O {[%clk 0:03:07]} Nc6 {[%clk 0:03:09]} 7. Nc3 {[%clk 0:03:07]} Rb8
{[%clk 0:03:10]} 8. Qc2 {[%clk 0:03:07]} Bf5 {[%clk 0:03:11]} 9. e4
{[%clk 0:02:54]} Bg4 {[%clk 0:03:12]} 10. Be3 {[%clk 0:02:38]} Nd7
{[%clk 0:02:54]} 11. Rad1 {[%clk 0:02:24]} e5 {[%clk 0:02:31]} 12. d5
{[%clk 0:01:57]} Nd4 {[%clk 0:02:25]} 13. Bxd4 {[%clk 0:01:52]} exd4
{[%clk 0:02:26]} 14. Ne2 {[%clk 0:01:24]} Bxf3 {[%clk 0:01:45]} 15. Bxf3
{[%clk 0:01:25]} Ne5 {[%clk 0:01:42]} 16. Qb3 {[%clk 0:01:05]} d3
{[%clk 0:01:33]} 17. Nd4 {[%clk 0:01:05]} c5 {[%clk 0:01:26]} 18. dxc6
{[%clk 0:01:00]} bxc6 {[%clk 0:01:27]} 19. Qa4 {[%clk 0:00:50]} Qb6
{[%clk 0:01:10]} 20. Nxc6 {[%clk 0:00:23]} Qxc6 {[%clk 0:01:03]} 21. Qxc6
{[%clk 0:00:23]} Nxc6 {[%clk 0:01:03]} 22. b3 {[%clk 0:00:18]} Nb4
{[%clk 0:00:34]} 23. a3 {[%clk 0:00:18]} Nc2 {[%clk 0:00:33]} 24. Rxd3
{[%clk 0:00:20]} Nxa3 {[%clk 0:00:26]} 25. Bd1 {[%clk 0:00:07]} Rfd8
{[%clk 0:00:18]} 26. Rd5 {[%clk 0:00:08]} Nb1 {[%clk 0:00:16]} 27. Ra5
{[%clk 0:00:09]} Nc3 {[%clk 0:00:10]} 28. Bc2 {[%clk 0:00:09]} Bd4
{[%clk 0:00:11]} 29. Kg2 {[%clk 0:00:06]} Bc5 {[%clk 0:00:09]} 30. Raa1
{[%clk 0:00:05]} Re8 {[%clk 0:00:08]} 31. f3 {[%clk 0:00:06]} f5 {[%clk 0:00:07]}
32. Rac1 {[%clk 0:00:03]} fxe4 {[%clk 0:00:08]} 33. fxe4 {[%clk 0:00:04]} Nxe4
{[%clk 0:00:09]} 34. Rcd1 {[%clk 0:00:05]} Nc3 {[%clk 0:00:07]} 35. Rde1
{[%clk 0:00:06]} Re2+ {[%clk 0:00:06]} 36. Rxe2 {[%clk 0:00:07]} Nxe2
{[%clk 0:00:07]} 37. Be4 {[%clk 0:00:08]} Rxb3 {[%clk 0:00:06]} 38. Bd5+
{[%clk 0:00:09]} Kg7 {[%clk 0:00:07]} 39. Rf7+ {[%clk 0:00:08]} Kh6
{[%clk 0:00:08]} 40. Re7 {[%clk 0:00:06]} Nd4 {[%clk 0:00:08]} 41. Bg8
{[%clk 0:00:05]} Nf5 {[%clk 0:00:05]} 42. Rxh7+ {[%clk 0:00:06]} Kg5
{[%clk 0:00:06]} 43. Bd5 {[%clk 0:00:04]} Ne3+ {[%clk 0:00:07]} 44. Kh3
{[%clk 0:00:03]} Nxd5 {[%clk 0:00:08]} 45. cxd5 {[%clk 0:00:05]} Rd3
{[%clk 0:00:09]} 46. Kg2 {[%clk 0:00:03]} Rxd5 {[%clk 0:00:10]} 47. Rf7
{[%clk 0:00:03]} Rf5 {[%clk 0:00:10]} 48. Rh7 {[%clk 0:00:03]} Kf6
{[%clk 0:00:11]} 49. Rb7 {[%clk 0:00:04]} Bb6 {[%clk 0:00:11]} 50. Rd7
{[%clk 0:00:05]} d5 {[%clk 0:00:12]} 51. g4 {[%clk 0:00:05]} Rf2+
{[%clk 0:00:13]} 52. Kg3 {[%clk 0:00:06]} Ke6 {[%clk 0:00:13]} 53. Rg7
{[%clk 0:00:06]} Kf6 {[%clk 0:00:11]} 54. Rd7 {[%clk 0:00:06]} Rd2
{[%clk 0:00:12]} 55. h4 {[%clk 0:00:04]} Rd3+ {[%clk 0:00:13]} 56. Kf4
{[%clk 0:00:04]} Rd4+ {[%clk 0:00:13]} 57. Kf3 {[%clk 0:00:05]} Ra4
{[%clk 0:00:11]} 58. Rxd5 {[%clk 0:00:05]} Ra3+ {[%clk 0:00:12]} 59. Kf4
{[%clk 0:00:05]} Ra4+ {[%clk 0:00:13]} 60. Kf3 {[%clk 0:00:06]} Bd4
{[%clk 0:00:08]} 61. Rd6+ {[%clk 0:00:06]} Kf7 {[%clk 0:00:08]} 62. h5
{[%clk 0:00:05]} gxh5 {[%clk 0:00:09]} 63. gxh5 {[%clk 0:00:06]} a5
{[%clk 0:00:07]} 64. Ra6 {[%clk 0:00:05]} Bc3 {[%clk 0:00:06]} 65. Rc6
{[%clk 0:00:05]} Ra3 {[%clk 0:00:06]} 66. Ke4 {[%clk 0:00:05]} Ba1
{[%clk 0:00:05]} 67. Kf5 {[%clk 0:00:04]} Rf3+ {[%clk 0:00:05]} 68. Kg4
{[%clk 0:00:04]} Rf6 {[%clk 0:00:05]} 69. Rc7+ {[%clk 0:00:05]} Kg8
{[%clk 0:00:06]} 70. Ra7 {[%clk 0:00:05]} Bc3 {[%clk 0:00:07]} 71. Kg5
{[%clk 0:00:05]} Rb6 {[%clk 0:00:06]} 72. h6 {[%clk 0:00:04]} Bd2+
{[%clk 0:00:07]} 73. Kf5 {[%clk 0:00:04]} Rxh6 {[%clk 0:00:07]} 74. Ke4
{[%clk 0:00:04]} Bb4 {[%clk 0:00:08]} 75. Kd3 {[%clk 0:00:05]} Rh3+
{[%clk 0:00:09]} 76. Kc4 {[%clk 0:00:06]} Rc3+ {[%clk 0:00:09]} 77. Kb5
{[%clk 0:00:08]} Rc5+ {[%clk 0:00:10]} 78. Ka4 {[%clk 0:00:09]} Rf5
{[%clk 0:00:10]} 79. Rd7 {[%clk 0:00:05]} Rf7 {[%clk 0:00:11]} 80. Rd5
{[%clk 0:00:06]} Kg7 {[%clk 0:00:12]} 81. Rg5+ {[%clk 0:00:05]} Kf6
{[%clk 0:00:14]} 82. Rg2 {[%clk 0:00:05]} Ke6 {[%clk 0:00:15]} 83. Re2+
{[%clk 0:00:05]} Kd5 {[%clk 0:00:16]} 84. Re8 {[%clk 0:00:04]} Rf1
{[%clk 0:00:14]} 85. Rd8+ {[%clk 0:00:05]} Kc6 {[%clk 0:00:15]} 86. Rc8+
{[%clk 0:00:04]} Kb7 {[%clk 0:00:16]} 87. Rh8 {[%clk 0:00:04]} Ra1+
{[%clk 0:00:16]} 88. Kb5 {[%clk 0:00:05]} Rd1 {[%clk 0:00:13]} 89. Rh7+
{[%clk 0:00:06]} Kc8 {[%clk 0:00:14]} 90. Ka4 {[%clk 0:00:04]} Rd7
{[%clk 0:00:15]} 91. Rh6 {[%clk 0:00:05]} Kb7 {[%clk 0:00:15]} 92. Kb5
{[%clk 0:00:05]} Rd5+ {[%clk 0:00:16]} 93. Ka4 {[%clk 0:00:07]} Rd6
{[%clk 0:00:18]} 94. Rxd6 {[%clk 0:00:07]} Bxd6 {[%clk 0:00:18]} 95. Kxa5
{[%clk 0:00:08]} 1/2-1/2